00229nam a2200097Ia 4500008004100000082001200041100001700053245002800070260001800098600001500116241002s9999 xx 000 0 und d a108 DUR aDurant, Will 4aThe Story Of Philosophy aLondon:c1955 aPhilosophy